000 00363nam a22001217a 4500
008 190312b xxu||||| |||| 00| 0 eng d
041 _aeng
080 _a043.3
100 _a0
101 _aSHP-BA
245 _aMarrëveshja gjithpërfshirëse ligjërisht obligative parakusht për normalizimin e raporteve mes Serbisë dhe Kosovës
_cGrainca,G
942 _2udc
_cBK
999 _c54716
_d54716